000 00563nam a2200229 a 4500
001 nice12345678
003 IN_TiNIC
005 20260116014730.0
008 141020s2009 dela grp 000 0 eng
020 _a9781107633476
_c495
082 0 0 _a954.035
_bTAL
100 _aTalbot, Ian
245 _aPartition of India
260 _aDelhi
_bCambridge University Press
_c2009
300 _a206p
500 _aincludes index and biblioraphy
505 2 _abiblio, index
650 _aIndia-Partition
902 _bSRS
942 _cBK
999 _c16697
_d16697